000 00671nam a2200205 i 4500
001 bg
245 1 0 _aMedia i kultura /
_cred. Andrzej Kobyliński.
260 _aPłock :
_bPłocki Instytut Wydawniczy,
_c2002.
300 _a192 s., [4] k.tabl. :
_bfot. kolor. ;
_c21 cm.
650 9 _aKościół katolicki a środki masowego przekazu
_zPolska
_yod 1989 r.
650 9 _aŚrodki masowego przekazu
_xkatolicyzm
_zPolska
_yod 1989 r.
655 _aMateriały konferencyjne
020 _a8387403938
040 _cBPK
041 0 _apol
080 _a316.77:266](438)"1989/..."(061)
920 _a83-87403-93-8
942 _cKS
008 s pl f |000 0 pol
999 _c42787
_d42787
856 _uhttp://koha.tu.koszalin.pl/cgi-bin/koha/opac-detail.pl?biblionumber=42787
_yKatalog online BPK